Detalles MARC
| 000 -LEADER |
| fixed length control field |
02290nam a2200469Ii 4500 |
| 001 - CONTROL NUMBER |
| control field |
DIGPOLIF0071 |
| 003 - CONTROL NUMBER IDENTIFIER |
| control field |
NyNyDIG |
| 006 - FIXED-LENGTH DATA ELEMENTS--ADDITIONAL MATERIAL CHARACTERISTICS |
| fixed length control field |
m o d |
| 007 - PHYSICAL DESCRIPTION FIXED FIELD--GENERAL INFORMATION |
| fixed length control field |
cr ||||||||||| |
| 008 - FIXED-LENGTH DATA ELEMENTS--GENERAL INFORMATION |
| fixed length control field |
131001s2010 sp a ob 000 0bspa d |
| 020 ## - INTERNATIONAL STANDARD BOOK NUMBER |
| Canceled/invalid ISBN |
9788496813403 |
| 020 ## - INTERNATIONAL STANDARD BOOK NUMBER |
| Canceled/invalid ISBN |
8496813401 |
| 035 ## - SYSTEM CONTROL NUMBER |
| System control number |
(OCoLC)888274110 |
| 040 ## - CATALOGING SOURCE |
| Original cataloging agency |
DGITA |
| Language of cataloging |
eng |
| Description conventions |
pn |
| Transcribing agency |
DGITA |
| 043 ## - GEOGRAPHIC AREA CODE |
| Geographic area code |
e------ |
| -- |
e-po--- |
| -- |
e-sp--- |
| -- |
e-uk--- |
| 050 14 - LIBRARY OF CONGRESS CALL NUMBER |
| Classification number |
DG797.9 eBook |
| 100 1# - MAIN ENTRY--PERSONAL NAME |
| Personal name |
Sherley, Anthony, |
| Titles and words associated with a name |
Sir, |
| Dates associated with a name |
1565-1635? |
| 245 10 - TITLE STATEMENT |
| Title |
Peso de todo el mundo (1622) : |
| Remainder of title |
discurso sobre el aumento de esta monarquía (1625) / |
| Statement of responsibility, etc. |
Anthony Sherley ; edición y estudios: Ángel Alloza, Miguel Ángel de Bunes, José Antonio Martínez Torres. |
| 264 #1 - PRODUCTION, PUBLICATION, DISTRIBUTION, MANUFACTURE, AND COPYRIGHT NOTICE |
| Place of production, publication, distribution, manufacture |
Madrid : |
| Name of producer, publisher, distributor, manufacturer |
Ediciones Polifemo, |
| Date of production, publication, distribution, manufacture, or copyright notice |
2010. |
| 300 ## - PHYSICAL DESCRIPTION |
| Extent |
1 online resource (viii, 274 pages): |
| Other physical details |
ill. (chiefly col.) |
| 336 ## - CONTENT TYPE |
| Content type term |
text |
| Content type code |
txt |
| Source |
rdacontent |
| 337 ## - MEDIA TYPE |
| Media type term |
computer |
| Media type code |
c |
| Source |
rdamedia |
| 338 ## - CARRIER TYPE |
| Carrier type term |
online resource |
| Carrier type code |
cr |
| Source |
rdacarrier |
| 490 1# - SERIES STATEMENT |
| Series statement |
La Corte en Europa ; |
| Volume/sequential designation |
4. |
| 504 ## - BIBLIOGRAPHY, ETC. NOTE |
| Bibliography, etc. note |
Includes bibliographical references (p. 267-274). |
| 505 0# - FORMATTED CONTENTS NOTE |
| Formatted contents note |
Estudios. Sir Anthony Sherley / Ángel Alloza Aparicio ; Antonio Sherley, un aventurero al servicio de Felipe III / Miguel Ángel de Bunes Ibarra ; Entre la autonomía y la independencia: las posesiones de los Austrias en Asia, África y América (1580-1640), un balance / José Antonio Martínez Torres -- Textos. Peso de todo el mundo ; Discurso en razón de lo que pueden en general y particular los reyes y potentados contra esta Monarquía y sobre el aumento de ella. |
| 600 10 - SUBJECT ADDED ENTRY--PERSONAL NAME |
| Personal name |
Sherley, Anthony, |
| Titles and other words associated with a name |
Sir, |
| Dates associated with a name |
1565-1635? |
| 650 #0 - SUBJECT ADDED ENTRY--TOPICAL TERM |
| Topical term or geographic name entry element |
Political geography. |
| 650 #0 - SUBJECT ADDED ENTRY--TOPICAL TERM |
| Topical term or geographic name entry element |
Economic geography. |
| 650 #0 - SUBJECT ADDED ENTRY--TOPICAL TERM |
| Topical term or geographic name entry element |
Monarchy |
| Geographic subdivision |
Spain |
| General subdivision |
History |
| Chronological subdivision |
17th century. |
| 655 #0 - INDEX TERM--GENRE/FORM |
| Genre/form data or focus term |
Electronic books. |
| 700 12 - ADDED ENTRY--PERSONAL NAME |
| Personal name |
Sherley, Anthony, |
| Titles and other words associated with a name |
Sir, |
| Dates associated with a name |
1565-1635? |
| Title of a work |
Discurso sobre el aumento de esta monarquía. |
| 700 1# - ADDED ENTRY--PERSONAL NAME |
| Personal name |
Alloza, Ángel. |
| 700 1# - ADDED ENTRY--PERSONAL NAME |
| Personal name |
Bunes Ibarra, Miguel Angel de. |
| 700 1# - ADDED ENTRY--PERSONAL NAME |
| Personal name |
Martínez Torres, José Antonio. |
| 791 2# - |
| -- |
Digitalia (Firm), |
| -- |
distributor. |
| 793 0# - |
| -- |
Digitalia eBook Collection: |
| -- |
Ediciones Polifemo. |
| 830 #0 - SERIES ADDED ENTRY--UNIFORM TITLE |
| Uniform title |
Colección La Corte en Europa; |
| Volume/sequential designation |
4. |
| 856 40 - ELECTRONIC LOCATION AND ACCESS |
| Materials specified |
Digitalia Hispánica |
| Uniform Resource Identifier |
<a href="https://www.digitaliapublishing.com/a/18938/">https://www.digitaliapublishing.com/a/18938/</a> |
| 910 ## - USER-OPTION DATA (OCLC) |
| User-option data |
Premium Collection: 2007-2012 |
| 942 ## - ADDED ENTRY ELEMENTS (KOHA) |
| Koha item type |
Recurso Electrónico |